Library Banner

Towards understanding Islam / (Record no. 101894)

MARC details
000 -LEADER
fixed length control field 00411nam a22001457a 4500
005 - DATE AND TIME OF LATEST TRANSACTION
control field 20260430122446.0
008 - FIXED-LENGTH DATA ELEMENTS--GENERAL INFORMATION
fixed length control field 180119b xxu||||| |||| 00| 0 eng d
040 ## - CATALOGING SOURCE
Transcribing agency PK-LaUMT
082 ## - DEWEY DECIMAL CLASSIFICATION NUMBER
Classification number PKAC 297
Item number ABU-T
100 1# - MAIN ENTRY--PERSONAL NAME
Personal name Maududi, Syed Abul Ala
245 ## - TITLE STATEMENT
Title Towards understanding Islam /
Statement of responsibility, etc Abul Ala Maududi
260 ## - PUBLICATION, DISTRIBUTION, ETC. (IMPRINT)
Place of publication, distribution, etc Damascus:
Name of publisher, distributor, etc The Holy Quran Publishing House,
Date of publication, distribution, etc 1977
300 ## - PHYSICAL DESCRIPTION
Extent 179
942 ## - ADDED ENTRY ELEMENTS (KOHA)
Koha item type Books
Holdings
Withdrawn status Lost status Damaged status Home library Current library Date acquired Full call number Barcode Date last seen Price effective from Koha item type Copy number
      UMT Main Campus UMT Main Campus 2018-01-19 PKAC 297 ABU-T 117818 2018-01-19 2018-01-19 Books  
      UMT Main Campus UMT Main Campus 2018-01-19 PKAC 297 ABU-T 117815 2018-01-19 2018-01-19 Books C-2
      UMT Main Campus UMT Main Campus 2018-01-19 PKAC 297 ABU-T 117814 2018-01-19 2018-01-19 Books C-3